| 000 | 006350000a22001810004500 | ||
|---|---|---|---|
| 003 | MACL | ||
| 005 | 20160403133525.0 | ||
| 008 | 160403b xxu||||| |||| 00| 0 eng d | ||
| 040 |
_aMACL _cMACL |
||
| 041 | _aHindi | ||
| 082 | _a323 | ||
| 100 |
_aसं सन्तोष खन्ना _950269 |
||
| 245 | _aसूचना का अधिकार अधिनियम कार्यान्वयन एवं चुनौतियॉ | ||
| 260 |
_bविधि भारती परिषद _c2009 _aदिल्ली |
||
| 350 | _a250 | ||
| 650 |
_aCivil & Political Rights _92002 |
||
| 942 |
_cHIN _k323 _2ddc |
||
| 999 |
_c45744 _d45744 |
||